|
|
|
|
| LEADER |
00000nas a2200000 a 4500 |
| 001 |
ssj0000492367 |
| 003 |
WaSeSS |
| 005 |
20200512172242.0 |
| 006 |
m d |
| 007 |
cr n |
| 008 |
090901c20099999ir fr p s 0 0eng c |
| 010 |
|
|
|a 2010261098
|
| 035 |
|
|
|a (WaSeSS)ssj0000492367
|
| 040 |
|
|
|a LGG
|b eng
|c LGG
|d OCLCQ
|d HNK
|d OCLCQ
|d OCLCF
|d OCLCQ
|d OCLCO
|d OCLCA
|d OCLCQ
|d CUS
|d WaSeSS
|
| 042 |
|
|
|a pcc
|
| 050 |
1 |
4 |
|a QA75.5
|b .S35
|
| 245 |
0 |
0 |
|a Scientia Iranica.
|n Transaction D,
|p Computer science & engineering, electrical engineering
|h [electronic resource].
|
| 246 |
1 |
3 |
|a Computer science & engineering, electrical engineering
|
| 246 |
1 |
3 |
|a Computer science and engineering, electrical engineering
|
| 246 |
1 |
3 |
|a Transaction D, Computer science & engineering and electrical engineering
|
| 260 |
|
|
|a Tehran :
|b Sharif University of Technology.
|
| 310 |
|
|
|a Semiannual
|
| 362 |
1 |
|
|a Began with vol. 16, no. 1 (Jan./June 2009).
|
| 500 |
|
|
|a "International journal of science & technology."
|
| 506 |
|
|
|a License restrictions may limit access.
|
| 538 |
|
|
|a Mode of access: World Wide Web.
|
| 588 |
|
|
|a Description based on: Vol. 16, no. 1 (Jan./June 2009); title from title page.
|
| 588 |
|
|
|a Latest issue consulted: Vol. 17, no. 1 (June 2010).
|
| 650 |
|
0 |
|a Computer science
|v Periodicals.
|
| 650 |
|
0 |
|a Electrical engineering
|v Periodicals.
|
| 650 |
|
7 |
|a Computer science.
|2 fast
|0 (OCoLC)fst00872451
|
| 650 |
|
7 |
|a Electrical engineering.
|2 fast
|0 (OCoLC)fst01728596
|
| 655 |
|
0 |
|a Electronic journals.
|
| 710 |
2 |
|
|a Dānishgāh-i Ṣanʻatī-i Sharīf.
|
| 776 |
0 |
8 |
|i Print version:
|t Scientia Iranica. Transaction D, Computer science & engineering, electrical engineering
|w (DLC) 2009253040
|w (OCoLC)435493391
|
| 780 |
0 |
1 |
|t Scientia Iranica
|w (OCoLC)595682259
|
| 856 |
4 |
0 |
|z Full text available from Research Library: 06/01/2009 to present
|u https://search.proquest.com/publication/54703
|